[Event "Avoine op 23rd"]
[Site "Avoine"]
[Date "2008.07.21"]
[Round "3"]
[White "Rabouan, Jean Francois"]
[Black "Alet, Jean Pierre"]
[Result "0-1"]
[WhiteElo "1953"]
[BlackElo "2176"]
[PlyCount "42"]
[EventDate "2008.07.19"]
[EventType "swiss"]
[EventRounds "9"]
[EventCountry "FRA"]
[SourceTitle "CBM 125 Extra"]
[Source "ChessBase"]
[SourceDate "2008.09.01"]
[SourceVersion "1"]
[SourceVersionDate "2008.09.01"]
[SourceQuality "1"]

1. e4 Nf6 2. e5 Nd5 3. d4 d6 4. Nf3 g6 5. Bc4 Nb6 6. Bb3 Nc6 7. Ng5 e6 8. Qf3 Qe7 9. exd6 cxd6 10. c3 Bh6 11. Qxf7+ Qxf7 12. Nxf7 Bxc1 13. Nxh8 Bxb2 14. Nxg6 hxg6 15. Kd2 Bd7 16. h4 Kf7 17. g4 Bxa1 18. f4 d5 19. Ke3 Na5 20. Rh2 Ba4 21. Bxa4 Nxa4 0-1

[Event "Angers op 1st"]
[Site "Angers"]
[Date "2006.05.08"]
[Round "5"]
[White "Legout, Vincent"]
[Black "Rabouan, Jean Francois"]
[Result "1-0"]
[WhiteElo "1917"]
[BlackElo "2017"]
[PlyCount "67"]
[EventDate "2006.05.06"]
[EventType "swiss"]
[EventRounds "6"]
[EventCountry "FRA"]
[SourceTitle "CBM 112 Extra"]
[Source "ChessBase"]
[SourceDate "2006.07.14"]
[SourceVersion "1"]
[SourceVersionDate "2006.07.14"]
[SourceQuality "1"]

1. e4 e5 2. Nf3 Nc6 3. Bc4 Nf6 4. d3 Bc5 5. Nc3 a6 6. Be3 Ba7 7. Qd2 d6 8. 0-0-0 Nd4 9. Ng5 0-0 10. f4 Ng4 11. Bxd4 Bxd4 12. Rde1 c6 13. h3 Nf6 14. Rhf1 b5 15. Bb3 a5 16. a4 h6 17. Nf3 Bxc3 18. Qxc3 exf4 19. e5 dxe5 20. Nxe5 bxa4 21. Bxa4 Nd5 22. Qd2 Ne3 23. Rxf4 Nd5 24. Nxc6 Qc7 25. Rfe4 Be6 26. Nd4 Qg3 27. Nxe6 fxe6 28. Rxe6 Rf2 29. R6e2 Raf8 30. Bb3 Qxg2 31. Bxd5+ Qxd5 32. Rxf2 Rb8 33. Qc3 Qa2 34. Qc4+ 1-0